| 000 | 00644 a2200217 4500 | ||
|---|---|---|---|
| 003 | UA-OsUOA | ||
| 005 | 20260501121539.0 | ||
| 008 | 260501b un ||||| |||| 00| 0 ukr d | ||
| 040 |
_aUA-OsUOA _brus _cUA-OsUOA _dUA-OsUOA |
||
| 041 | _arus | ||
| 080 | _a82-31 | ||
| 090 |
_a82-31 _bП19 |
||
| 100 |
_aПастернак Б. _924916 |
||
| 245 | _aДоктор Живаго | ||
| 260 |
_bThe University of Michigan Press _c1959 _aAnn Arbor |
||
| 300 | _a567 c. | ||
| 650 |
_2UDC _a82-31 Романи. Повісті _95 |
||
| 942 |
_cBK _2udc |
||
| 955 | _a3 | ||
| 999 |
_c580633 _d580633 |
||